000 00448nam a2200181Ia 4500
003 LK-CoDNM
008 010623t1925 xxu||||| |||| 00| 1 eng d
040 _aLK-CoDNM
_dLK-CoDNM
_eLK-CoDNM
041 _aeng
080 _aT 5/T 4
245 _aThe Times of Ceylon,Christmas number,1925
260 _bTimes of Ceylon
_aColombo
_c1925
300 _b112p,ill,pl., 30 cm
650 _aDelft
650 _aMotoring
650 _aPagoda
942 _cBK
999 _c92854
_d92854